000 00670nam a2200253 i 4500
001 C2-0016176
003 PPAK
005 20190630221938.0
008 970202s1991 mau |||| ||||| | eng d
020 _a0395574390
040 _aPPAK
_beng
_cPPAK
_erda
082 0 4 _a658.5
_223
090 0 0 _a658.5
_bDOB
_dG
100 1 _aDobyns, Lloyd,
_eauthor
245 1 0 _aQuality or else
264 1 _aBoston, Massachusetts :
_bHoughton Mifflin Company ,
_c1991
300 _a309 pages ;
_c24 cm
336 _2rdacontent
_atext
337 _2rdamedia
_aunmediated
338 _2rdacarrier
_avolume
650 1 0 _aTotal quality management
700 _eauthor
942 _ddc
_cB
999 _c3865
_d3865